[Event "Norderstedt op 5th"]
[Site "Norderstedt"]
[Date "2005.03.28"]
[Round "3.12"]
[White "Krischer, Ulrich"]
[Black "Opitz, Frank"]
[Result "1/2-1/2"]
[WhiteElo "1696"]
[BlackElo "2097"]
[PlyCount "85"]
[EventDate "2005.03.27"]
[EventType "swiss"]
[EventRounds "7"]
[EventCountry "GER"]
[SourceTitle "EXT 2006"]
[Source "ChessBase"]
[SourceDate "2005.11.24"]
[SourceVersion "1"]
[SourceVersionDate "2005.11.24"]
[SourceQuality "1"]

1. d4 e6 2. c4 b6 3. Nc3 Bb4 4. Nf3 Bb7 5. e3 Nf6 6. Bd2 0-0 7. Be2 d6 8. 0-0 Nbd7 9. a3 Bxc3 10. Bxc3 Ne4 11. Rc1 f5 12. Be1 Qe8 13. Nd2 Qg6 14. f3 Nef6 15. Rf2 Qh6 16. Nf1 g5 17. Rc3 Kh8 18. b4 c5 19. Rd3 Qg7 20. Bc3 e5 21. Ng3 Ne8 22. dxe5 Kg8 23. exd6 Qf7 24. Rd2 Qe6 25. Nf1 Rd8 26. f4 g4 27. b5 Ndf6 28. Ng3 Rxd6 29. Be5 Rxd2 30. Qxd2 Rf7 31. Qc2 Ne4 32. Nxe4 Bxe4 33. Qc3 Rd7 34. Bf1 Nd6 35. Rd2 Nf7 36. Rxd7 Qxd7 37. a4 Qd1 38. a5 bxa5 39. Qxa5 Nxe5 40. fxe5 Qd7 41. b6 axb6 42. Qxb6 Qc6 43. Qd8+ 1/2-1/2

[Event "Norderstedt op 5th"]
[Site "Norderstedt"]
[Date "2005.03.27"]
[Round "5.18"]
[White "Krischer, Ulrich"]
[Black "Schneider, Ulf"]
[Result "0-1"]
[WhiteElo "1696"]
[BlackElo "1768"]
[PlyCount "90"]
[EventDate "2005.03.27"]
[EventType "swiss"]
[EventRounds "7"]
[EventCountry "GER"]
[SourceTitle "EXT 2006"]
[Source "ChessBase"]
[SourceDate "2005.11.24"]
[SourceVersion "1"]
[SourceVersionDate "2005.11.24"]
[SourceQuality "1"]

1. d4 d5 2. Nf3 Nf6 3. e3 c6 4. c4 Bf5 5. Nc3 e6 6. cxd5 exd5 7. Be2 h6 8. 0-0 Nbd7 9. Bd2 Bd6 10. Rc1 0-0 11. h3 Re8 12. a3 Nf8 13. b4 Qd7 14. g4 Bxg4 15. Ne5 Bxe5 16. Bxg4 Nxg4 17. hxg4 Bc7 18. Qf3 Re6 19. Qh3 Rg6 20. f3 f5 21. Kh1 fxg4 22. fxg4 Rxg4 23. Rf3 Nh7 24. e4 Bd8 25. Qf1 Rh4+ 26. Kg2 dxe4 27. Rf4 Qh3+ 28. Kf2 Rxf4+ 29. Bxf4 Bh4+ 30. Kg1 Qg4+ 31. Kh2 Rf8 32. Ne2 g5 33. Qg2 Qxg2+ 34. Kxg2 gxf4 35. Kh3 Bg5 36. Rf1 f3 37. Nc3 e3 38. Ne4 e2 39. Rg1 f2 40. Nxf2 Rxf2 41. Re1 Bd2 42. Rg1+ Ng5+ 43. Kg3 Rf1 44. Rg2 e1Q+ 45. Kg4 Qe6+ 0-1

[Event "Bad Wildungen Seniors op-B 1st"]
[Site "Bad Wildungen"]
[Date "2004.07.10"]
[Round "8"]
[White "Wittelsberger, Helmut"]
[Black "Krischer, Ulrich"]
[Result "1/2-1/2"]
[WhiteElo "1810"]
[BlackElo "1666"]
[PlyCount "44"]
[EventDate "2004.07.03"]
[EventType "swiss"]
[EventRounds "9"]
[EventCountry "GER"]
[SourceTitle "EXT 2006"]
[Source "ChessBase"]
[SourceDate "2005.11.24"]
[SourceVersion "1"]
[SourceVersionDate "2005.11.24"]
[SourceQuality "1"]

1. e4 e5 2. Nf3 Nc6 3. d4 exd4 4. c3 d5 5. exd5 Qxd5 6. cxd4 Bb4+ 7. Nc3 Bg4 8. Be2 Nf6 9. 0-0 Bxc3 10. bxc3 0-0 11. h3 Bh5 12. Be3 b5 13. a4 a6 14. axb5 axb5 15. Qc2 Na5 16. Ne5 Bxe2 17. Qxe2 Ne4 18. Qc2 f6 19. Nd7 Rfe8 20. Nc5 Nc4 21. Rxa8 Qxa8 22. Nxe4 Rxe4 1/2-1/2

[Event "Hamburg-ch qual1"]
[Site "Hamburg"]
[Date "2003.10.26"]
[Round "2"]
[White "Weiss, Siegfried"]
[Black "Krischer, Ulrich"]
[Result "1-0"]
[WhiteElo "2130"]
[BlackElo "1774"]
[PlyCount "74"]
[EventDate "2003.10.??"]
[EventType "swiss"]
[EventRounds "7"]
[EventCountry "GER"]
[SourceTitle "EXT 2005"]
[Source "ChessBase"]
[SourceDate "2004.11.15"]
[SourceVersion "1"]
[SourceVersionDate "2004.11.15"]
[SourceQuality "1"]

1. b3 e5 2. Bb2 Nc6 3. e3 Nf6 4. Bb5 d6 5. d4 exd4 6. Bxc6+ bxc6 7. Qxd4 Be7 8. c4 Bf5 9. Nc3 0-0 10. Nge2 Ne8 11. Ng3 Bf6 12. Qd2 Bg6 13. 0-0 c5 14. Rad1 c6 15. f4 h6 16. f5 Bh7 17. Nce4 Bxb2 18. Qxb2 Qc7 19. f6 g6 20. Qf2 Rd8 21. Qf4 g5 22. Nxg5 hxg5 23. Qxg5+ Kh8 24. Rf4 Rg8 25. Qh5 Rg6 26. Ne4 d5 27. Rh4 Nxf6 28. Nxf6 Kg7 29. Qxh7+ Kxf6 30. Rf4+ Ke6 31. Qh3+ Ke7 32. Rdf1 Rf8 33. Qf3 Ke8 34. cxd5 cxd5 35. Qxd5 Qc6 36. Re4+ Qe6 37. Rxe6+ Rxe6 1-0

[Event "NRW-ch op Seniors 14th"]
[Site "Beverungen"]
[Date "2003.06.21"]
[Round "8.9"]
[White "Krischer, Ulrich"]
[Black "Fiedler, Eduard"]
[Result "0-1"]
[WhiteElo "1707"]
[BlackElo "1727"]
[PlyCount "98"]
[EventDate "2003.06.14"]
[EventType "swiss"]
[EventRounds "9"]
[EventCountry "GER"]
[SourceTitle "EXT 2004"]
[Source "ChessBase"]
[SourceDate "2003.11.25"]
[SourceVersion "1"]
[SourceVersionDate "2003.11.25"]
[SourceQuality "1"]

1. d4 e5 2. dxe5 Nc6 3. Nf3 Qe7 4. Qd5 f6 5. exf6 Nxf6 6. Qb3 Qb4+ 7. Bd2 Qxb3 8. axb3 Bc5 9. e3 0-0 10. c3 a6 11. b4 Ba7 12. Bc4+ d5 13. Bb3 Ne7 14. 0-0 Bg4 15. Ne5 Be6 16. h3 c6 17. c4 Bb8 18. cxd5 Bxe5 19. dxe6 Bxb2 20. Ra2 Be5 21. f4 Bc7 22. Nc3 Rad8 23. e4 Bb6+ 24. Kh2 Bd4 25. e5 Bxc3 26. Bxc3 Ne4 27. Be1 Rd4 28. Bh4 g5 29. Bf2 Nxf2 30. Raxf2 gxf4 31. Rf3 Kh8 32. Rd1 Rxd1 33. Bxd1 Ng6 34. Bb3 Nxe5 35. Rxf4 Rxf4 36. e7 Ng4+ 37. hxg4 Re4 38. Bc2 Rxe7 39. Bf5 Re8 40. g5 Re5 41. g4 Rb5 42. g6 h6 43. Kg3 Kg7 44. Kh4 Rxb4 45. Kh5 Rb2 46. g5 Rh2+ 47. Kg4 Rg2+ 48. Kh4 Rxg5 49. Bc8 Rb5 0-1

[Event "NRW-ch op Seniors 14th"]
[Site "Beverungen"]
[Date "2003.06.20"]
[Round "7.13"]
[White "Krischer, Ulrich"]
[Black "Schuller, Erhard"]
[Result "1-0"]
[WhiteElo "1707"]
[BlackElo "1596"]
[PlyCount "121"]
[EventDate "2003.06.14"]
[EventType "swiss"]
[EventRounds "9"]
[EventCountry "GER"]
[SourceTitle "EXT 2004"]
[Source "ChessBase"]
[SourceDate "2003.11.25"]
[SourceVersion "1"]
[SourceVersionDate "2003.11.25"]
[SourceQuality "1"]

1. d4 d5 2. Nf3 e6 3. e3 Nf6 4. c4 c6 5. Nc3 Bb4 6. Bd2 0-0 7. Bd3 dxc4 8. Bxc4 Nbd7 9. 0-0 Re8 10. a3 Bxc3 11. Bxc3 Nd5 12. Bd2 Nf8 13. e4 Nb6 14. Bb3 Ng6 15. Bc3 Nd7 16. Rc1 a5 17. Bd2 h6 18. Be3 Nf6 19. Qc2 Rb8 20. h3 b6 21. e5 Nd5 22. Qxc6 Bb7 23. Qc2 Rc8 24. Qd2 Nxe3 25. Rxc8 Qxc8 26. Rc1 Qa8 27. Qxe3 Ne7 28. Ne1 Rc8 29. f3 Rxc1 30. Qxc1 Nc6 31. Qe3 Qd8 32. Nc2 Ne7 33. a4 Bd5 34. Qd3 Qc7 35. Bxd5 Nxd5 36. b3 Qc6 37. Kf2 g6 38. Ne3 Nb4 39. Qc4 Qb7 40. Ng4 Kg7 41. Nf6 Nd5 42. Ne8+ Kf8 43. Nd6 Qc7 44. g3 Qxc4 45. Nxc4 Ke7 46. f4 f6 47. Kf3 fxe5 48. dxe5 Kf7 49. g4 Ke7 50. h4 Kf7 51. Nd6+ Ke7 52. f5 gxf5 53. gxf5 exf5 54. Nxf5+ Ke6 55. Nxh6 Kxe5 56. Ng4+ Kd4 57. h5 Kc3 58. h6 Ne7 59. Ne5 Kxb3 60. h7 Kxa4 61. h8Q 1-0

[Event "NRW-ch op Seniors 14th"]
[Site "Beverungen"]
[Date "2003.06.16"]
[Round "3.18"]
[White "Krischer, Ulrich"]
[Black "Frericks, Willy"]
[Result "1-0"]
[WhiteElo "1707"]
[BlackElo "1723"]
[PlyCount "71"]
[EventDate "2003.06.14"]
[EventType "swiss"]
[EventRounds "9"]
[EventCountry "GER"]
[SourceTitle "EXT 2004"]
[Source "ChessBase"]
[SourceDate "2003.11.25"]
[SourceVersion "1"]
[SourceVersionDate "2003.11.25"]
[SourceQuality "1"]

1. d4 e5 2. dxe5 Nc6 3. Nf3 Qe7 4. Qd5 h6 5. a3 g5 6. h3 Bg7 7. Nc3 a6 8. Bd2 Nxe5 9. 0-0-0 d6 10. Qb3 Nf6 11. g4 Nfd7 12. Nd5 Qd8 13. Nxe5 Nxe5 14. f4 Nc6 15. Qe3+ Kf8 16. fxg5 Be6 17. Bg2 Ne5 18. Nf4 Qd7 19. Nxe6+ Qxe6 20. Kb1 Ke7 21. Bc3 hxg5 22. Bd5 Qh6 23. Bxb7 Rab8 24. Bxa6 Rb6 25. Bc4 Ra8 26. Bb3 Kf8 27. Rhf1 Qg6 28. Bxe5 Bxe5 29. Rxf7+ Qxf7 30. Bxf7 Rxb2+ 31. Kc1 Bf4 32. Qxf4 Rxc2+ 33. Kxc2 gxf4 34. Bd5 Rxa3 35. Bf3 Ke7 36. Rd4 1-0

[Event "Wch Seniors 12th"]
[Site "Naumburg"]
[Date "2002.10.28"]
[Round "6"]
[White "Flores Escuin, Sadurni"]
[Black "Krischer, Ulrich"]
[Result "1-0"]
[WhiteElo "2078"]
[BlackElo "1730"]
[PlyCount "93"]
[EventDate "2002.10.21"]
[EventType "swiss"]
[EventRounds "11"]
[EventCountry "GER"]
[SourceTitle "EXT 2006"]
[Source "ChessBase"]
[SourceDate "2005.11.24"]
[SourceVersion "1"]
[SourceVersionDate "2005.11.24"]
[SourceQuality "1"]

1. e4 c5 2. Nf3 Nc6 3. d4 cxd4 4. Nxd4 d6 5. Nc3 a6 6. Be3 e6 7. Bc4 Nf6 8. 0-0 Be7 9. Kh1 0-0 10. f4 Qc7 11. Bb3 Na5 12. Qf3 Nc4 13. Bxc4 Qxc4 14. Nce2 b5 15. b3 Qc7 16. Ng3 Bb7 17. Rac1 Qc3 18. f5 e5 19. Nde2 Qc6 20. c4 Nxe4 21. cxb5 Nxg3+ 22. Qxg3 Qe4 23. f6 Bxf6 24. Rxf6 Qxg2+ 25. Qxg2 Bxg2+ 26. Kxg2 gxf6 27. Bh6 Rfb8 28. Rg1 Kh8 29. Kf3 Rg8 30. Rxg8+ Kxg8 31. b6 d5 32. Nc3 d4 33. Nd5 f5 34. Ne7+ Kh8 35. Nc6 e4+ 36. Kf2 Re8 37. b7 e3+ 38. Ke1 d3 39. b8Q d2+ 40. Ke2 Rxb8 41. Nxb8 a5 42. Nc6 f6 43. Nxa5 Kg8 44. b4 Kf7 45. b5 Ke7 46. b6 Kd7 47. b7 1-0

[Event "Wch Seniors 12th"]
[Site "Naumburg"]
[Date "2002.10.24"]
[Round "4"]
[White "Waisberg, Arnold"]
[Black "Krischer, Ulrich"]
[Result "1-0"]
[WhiteElo "2063"]
[BlackElo "1730"]
[PlyCount "120"]
[EventDate "2002.10.21"]
[EventType "swiss"]
[EventRounds "11"]
[EventCountry "GER"]
[SourceTitle "EXT 2006"]
[Source "ChessBase"]
[SourceDate "2005.11.24"]
[SourceVersion "1"]
[SourceVersionDate "2005.11.24"]
[SourceQuality "1"]

1. e4 e5 2. Bc4 Nc6 3. a3 Nf6 4. d3 Be7 5. Nc3 0-0 6. f4 d6 7. h3 exf4 8. Bxf4 Ne5 9. Bb3 c6 10. Nf3 Ng6 11. Bh2 Be6 12. Bxe6 fxe6 13. Ng5 Qd7 14. 0-0 h6 15. Nf3 e5 16. d4 Qc7 17. Qd3 Rad8 18. Qc4+ Kh8 19. Qe6 Qd7 20. Qf5 Qxf5 21. exf5 Nf4 22. Bxf4 exf4 23. Nh4 Kg8 24. Rae1 Rf7 25. Ng6 Rd7 26. Nxf4 d5 27. Re6 c5 28. Nce2 cxd4 29. Nxd4 Bc5 30. c3 Kh7 31. Ng6 Bxd4+ 32. cxd4 Rc7 33. Rf3 Rc1+ 34. Rf1 Rc2 35. Rd6 h5 36. Nf4 Rxb2 37. Nxd5 Ra2 38. Rf3 Ra1+ 39. Kh2 Ne4 40. Rg6 Nd2 41. Rf4 Nf1+ 42. Rxf1 Rxf1 43. Ne3 Ra1 44. Rg5 Rxa3 45. Rxh5+ Kg8 46. Ng4 Ra5 47. Ne5 Rf6 48. g4 Rd5 49. Ng6 Kf7 50. Rh8 Rxg6 51. fxg6+ Kxg6 52. Rb8 b6 53. Rb7 Ra5 54. Kg3 Kf6 55. Kf4 g5+ 56. Ke4 Ke6 57. Rg7 Ra3 58. Rxg5 Rxh3 59. Rg6+ Kf7 60. Rc6 Ra3 1-0

[Event "Wch Seniors 12th"]
[Site "Naumburg"]
[Date "2002.10.21"]
[Round "1"]
[White "Krischer, Ulrich"]
[Black "Goy, Udo"]
[Result "0-1"]
[WhiteElo "1730"]
[BlackElo "2193"]
[PlyCount "147"]
[EventDate "2002.10.21"]
[EventType "swiss"]
[EventRounds "11"]
[EventCountry "GER"]
[SourceTitle "EXT 2006"]
[Source "ChessBase"]
[SourceDate "2005.11.24"]
[SourceVersion "1"]
[SourceVersionDate "2005.11.24"]
[SourceQuality "1"]

1. d4 c5 2. d5 e6 3. c4 b5 4. e4 d6 5. Nf3 Be7 6. Qc2 a6 7. a3 exd5 8. cxd5 Nf6 9. Be2 0-0 10. 0-0 Re8 11. b3 Bf8 12. Bd3 Bg4 13. Nbd2 Nbd7 14. h3 Bh5 15. Bb2 Rc8 16. Rfe1 c4 17. bxc4 Bxf3 18. Nxf3 bxc4 19. Bf1 Qb6 20. Rac1 g6 21. Bd4 Qa5 22. Nd2 c3 23. Nc4 Qc7 24. Bxc3 Bg7 25. f3 h5 26. Bb4 Bf8 27. Bd3 Nc5 28. Ba5 Qe7 29. Nb6 Rb8 30. Rb1 Bg7 31. Bc4 h4 32. Qe2 Nh5 33. Bd2 Bd4+ 34. Be3 Qf6 35. Bxd4 Qxd4+ 36. Qe3 Qxe3+ 37. Rxe3 Re7 38. Ree1 Reb7 39. e5 Rxb6 40. Rxb6 Rxb6 41. exd6 Rxd6 42. Re8+ Kg7 43. Rc8 Nb7 44. Rc6 Rd8 45. Rxa6 Nf4 46. Ra7 Nd6 47. Rc7 Nxc4 48. Rxc4 g5 49. Kf2 Rxd5 50. Rc2 Ra5 51. Ra2 Ra4 52. g3 Ng6 53. Ra1 hxg3+ 54. Kxg3 Ne5 55. Ra2 f5 56. Ra1 Kf6 57. Ra2 f4+ 58. Kg2 Nc4 59. h4 Rxa3 60. hxg5+ Kxg5 61. Rf2 Ne3+ 62. Kh3 Ra7 63. Kh2 Rc7 64. Kg1 Rc1+ 65. Kh2 Kh4 66. Re2 Rc2 67. Kh1 Kg3 68. Re1 Kxf3 69. Rg1 Ke4 70. Rg8 f3 71. Rf8 Ng4 72. Re8+ Kf4 73. Re1 Rh2+ 74. Kg1 0-1

[Event "GER-chT Seniors 11th"]
[Site "Bad Segeberg"]
[Date "2002.08.10"]
[Round "5.4"]
[White "Krischer, Ulrich"]
[Black "Kirstein, Hans Ernst"]
[Result "1/2-1/2"]
[WhiteElo "1704"]
[BlackElo "1916"]
[PlyCount "50"]
[EventDate "2002.08.06"]
[EventType "team"]
[EventRounds "7"]
[EventCountry "GER"]
[SourceTitle "EXT 2003"]
[Source "ChessBase"]
[SourceDate "2002.11.25"]
[SourceVersion "1"]
[SourceVersionDate "2002.11.25"]
[SourceQuality "1"]
[WhiteTeam "Schleswig Holstein III"]
[BlackTeam "Mecklenburg Vorpommern"]
[WhiteTeamCountry "GER"]
[BlackTeamCountry "GER"]

1. c4 d6 2. g3 e5 3. Bg2 Be7 4. e3 f5 5. Ne2 c6 6. Nbc3 Be6 7. d3 Nf6 8. 0-0 0-0 9. b3 Nbd7 10. Re1 d5 11. f4 Bb4 12. fxe5 Nxe5 13. Bb2 Qd6 14. c5 Qe7 15. a3 Ba5 16. b4 Bc7 17. Nf4 Nfg4 18. Qd2 Rae8 19. Nce2 Bc8 20. d4 Qg5 21. Nh3 Qh6 22. Ra2 Qxh3 23. Bxh3 Nf3+ 24. Kg2 Nxd2 25. Bxg4 fxg4 1/2-1/2

[Event "GER-chT Seniors 11th"]
[Site "Bad Segeberg"]
[Date "2002.08.09"]
[Round "4.4"]
[White "Hohl, Rudolf"]
[Black "Krischer, Ulrich"]
[Result "1/2-1/2"]
[WhiteElo "1975"]
[BlackElo "1704"]
[PlyCount "69"]
[EventDate "2002.08.06"]
[EventType "team"]
[EventRounds "7"]
[EventCountry "GER"]
[SourceTitle "EXT 2003"]
[Source "ChessBase"]
[SourceDate "2002.11.25"]
[SourceVersion "1"]
[SourceVersionDate "2002.11.25"]
[SourceQuality "1"]
[WhiteTeam "Wuerttemberg II"]
[BlackTeam "Schleswig Holstein III"]
[WhiteTeamCountry "GER"]
[BlackTeamCountry "GER"]

1. d4 Nf6 2. c3 g6 3. Qc2 Bg7 4. e4 d6 5. f4 e6 6. Nf3 0-0 7. Be2 Nbd7 8. h3 c5 9. 0-0 Qc7 10. Be3 cxd4 11. Nxd4 a6 12. Nd2 b5 13. a4 bxa4 14. Rxa4 Nb6 15. Ra2 Bb7 16. N4b3 Rfd8 17. Na5 Bc8 18. Bd3 Nfd7 19. Qd1 Nc5 20. Bc2 d5 21. Qf3 d4 22. cxd4 Bxd4 23. Bxd4 Rxd4 24. Qc3 Rd7 25. Nf3 Nb7 26. Nc6 Nd8 27. Na5 Qxc3 28. bxc3 Rc7 29. Ra3 Bd7 30. Bd3 Bb5 31. Rd1 Bxd3 32. Rxd3 Nb7 33. Nxb7 Rxb7 34. Rb3 a5 35. Nd2 1/2-1/2

[Event "GER-chT Seniors 11th"]
[Site "Bad Segeberg"]
[Date "2002.08.06"]
[Round "1.4"]
[White "Krischer, Ulrich"]
[Black "Nietsch, Horst"]
[Result "1-0"]
[WhiteElo "1704"]
[BlackElo "2115"]
[PlyCount "50"]
[EventDate "2002.08.06"]
[EventType "team"]
[EventRounds "7"]
[EventCountry "GER"]
[SourceTitle "EXT 2003"]
[Source "ChessBase"]
[SourceDate "2002.11.25"]
[SourceVersion "1"]
[SourceVersionDate "2002.11.25"]
[SourceQuality "1"]
[WhiteTeam "Schleswig Holstein III"]
[BlackTeam "Berlin II"]
[WhiteTeamCountry "GER"]
[BlackTeamCountry "GER"]

1. d4 Nf6 2. Nf3 b6 3. e3 e6 4. c4 Bb7 5. Nc3 Be7 6. Be2 d5 7. 0-0 0-0 8. Bd2 Nbd7 9. Rc1 Ne4 10. Nxe4 dxe4 11. Ne1 c5 12. Nc2 Qc7 13. b4 Bd6 14. g3 Rad8 15. Qe1 Rc8 16. bxc5 bxc5 17. dxc5 Nxc5 18. Ba5 Qe7 19. Qd1 Be5 20. Nd4 Ba8 21. Qd2 Qg5 22. Rfd1 Qg6 23. Nb3 Nb7 24. Bc3 Bb8 25. Qb2 h5 1-0